000 00502nam a22001817a 4500
003 OSt
005 20140310182845.0
008 130611t xxu||||| |||| 00| 0 eng d
020 _a0842823271
050 _aTX 335
_b.M478 1977
082 _aM 640.42
_bF72 1977
245 _aFollett Coping Skills Series. :
_bbudgeting /
_cMcVey & Associates, Inc.,
260 _aNew York :
_bCambridge,
_c1977.
300 _a62 p. :
_bill. ;
_c28 cm.
541 _j1
562 _e1
942 _2lcc
_cBK
_kM
999 _c16916
_d16916